000 00348nam a2200133Ia 4500
005 20260328104333.0
008 260328s9999||||xx |||||||||||||| ||und||
100 _aPastoureau, Michel
245 0 _aGREEN, the History of Color /
_cMichel Pastoureau
260 _bPrinceton Architectural Press
300 _a239 p.
650 _aCOLOR
942 _cBK
999 _c11790
_d11790